000 00829cab a2200289 4500
001 WB3034-44
008 090401t1994 xxu||||| |||| 00| 0 eng d
035 _a(Sirsi) u47136
041 _aeng
245 _aProtection of English peatlands
260 _c1994
350 _a0
490 _aDoE News Release
_v(524) 15 September 1994 (4)
520 _aThe Government has published a draft Mineral Planning Guidance Note on the peat and the restriction of extraction. Comments by 30 November 1994.
650 _aDRAFT MPGS
650 _aEXTRACTION
650 _aMINERAL PLANNING
650 _aMPG
650 _aPEAT
650 _aPEATLANDS
650 _aPLANNING POLICY
690 _aCONSERVATION
690 _aMINING AND MINERALS
690 _aPLANNING LAW AND PRACTICE
942 _n0
948 _c04/03/1997
999 _c29732
_d29732